[Event "NZL-ch op-A 130th"]
[Site "Wellington"]
[Date "2023.01.09"]
[Round "8"]
[White "Timergazi, Layla"]
[Black "Cummings, Nick"]
[Result "1-0"]
[WhiteElo "2005"]
[BlackElo "1995"]
[PlyCount "89"]
[EventDate "2023.01.02"]
[EventType "swiss"]
[EventRounds "9"]
[EventCountry "NZL"]
[SourceTitle "CBM 212 Extra"]
[Source "ChessBase"]
[SourceDate "2023.03.31"]
[SourceVersion "1"]
[SourceVersionDate "2023.03.31"]
[SourceQuality "1"]

1. d4 d5 2. c4 dxc4 3. Nf3 Nf6 4. e3 Bg4 5. Bxc4 e6 6. Nc3 a6 7. h3 Bh5 8. 0-0 Nc6 9. b3 Bd6 10. Bb2 0-0 11. Be2 Qe7 12. Nd2 Bxe2 13. Qxe2 Ba3 14. Bxa3 Qxa3 15. Nde4 Qe7 16. Rac1 Nxe4 17. Nxe4 Nd8 18. Nc5 c6 19. Rfd1 f5 20. Rc3 Rf6 21. e4 fxe4 22. Qxe4 Nf7 23. Qh4 g5 24. Qg4 Rg6 25. Re1 Re8 26. Rce3 Nd8 27. Re5 Kg7 28. R5e3 Qd6 29. Nd3 Nf7 30. Ne5 Nxe5 31. dxe5 Qc7 32. Rd3 Re7 33. Qb4 Kh8 34. Red1 Rg8 35. Rd6 h6 36. Qg4 Qc8 37. R1d3 Ree8 38. Qh5 Kh7 39. Rf3 Rg6 40. Rf7+ Rg7 41. Rf6 Kg8 42. Rxh6 Kf8 43. Rh8+ Ke7 44. Rxe8+ Qxe8 45. Rxe6+ 1-0

[Event "North Island-ch"]
[Site "Wellington"]
[Date "2019.04.19"]
[Round "1"]
[White "Timergazi, Layla"]
[Black "Scott, David1111"]
[Result "1-0"]
[WhiteElo "2005"]
[BlackElo "1545"]
[PlyCount "45"]
[EventDate "2019.04.19"]
[EventType "swiss"]
[EventRounds "8"]
[EventCountry "NZL"]
[SourceTitle "EXT 2020"]
[Source "ChessBase"]
[SourceDate "2019.10.17"]
[SourceVersion "1"]
[SourceVersionDate "2019.10.17"]
[SourceQuality "1"]

1. d4 d5 2. c4 c6 3. Nc3 Nf6 4. Nf3 dxc4 5. Bf4 b5 6. e3 Bf5 7. Be2 e6 8. 0-0 Bd6 9. Bg5 h6 10. Bxf6 gxf6 11. e4 Bh7 12. a3 Nd7 13. d5 Qc7 14. g3 Rg8 15. dxc6 Nc5 16. Nxb5 Qxc6 17. Nxd6+ Ke7 18. Nxc4 Bxe4 19. Nd4 Qb7 20. Nf5+ Bxf5 21. Qd6+ Ke8 22. Qxc5 Qb8 23. Nd6+ 1-0

[Event "Waikato op"]
[Site "Hamilton"]
[Date "2018.07.29"]
[Round "5"]
[White "Timergazi, Layla"]
[Black "Aguilar, Juni"]
[Result "0-1"]
[WhiteElo "1982"]
[BlackElo "1799"]
[PlyCount "164"]
[EventDate "2018.07.27"]
[EventType "swiss"]
[EventRounds "6"]
[EventCountry "NZL"]
[SourceTitle "CBM 186 Extra"]
[Source "ChessBase"]
[SourceDate "2018.08.24"]
[SourceVersion "1"]
[SourceVersionDate "2018.08.24"]
[SourceQuality "1"]

1. d4 f5 2. c4 Nf6 3. Nc3 e6 4. Nf3 d6 5. g3 Be7 6. Bg2 0-0 7. 0-0 Bd7 8. Qc2 Na6 9. Rd1 c6 10. a3 Rc8 11. b4 Nc7 12. Bb2 Qe8 13. a4 Qg6 14. Qb3 Ne4 15. c5 d5 16. Ne5 Qe8 17. f3 Ng5 18. b5 Na8 19. e4 Nf7 20. exd5 exd5 21. Re1 Nxe5 22. Rxe5 Qd8 23. Ree1 Kh8 24. Ne2 b6 25. bxc6 Bxc6 26. Nf4 Qd7 27. Kh1 Bf6 28. Bh3 bxc5 29. Ne6 Rfe8 30. Bxf5 Rb8 31. Qa2 c4 32. Bc3 Nc7 33. Nxc7 Rxe1+ 34. Rxe1 Qxf5 35. Qe2 h6 36. a5 Rb3 37. Rc1 Rb7 38. Na6 Re7 39. Qf2 Qc8 40. Nc5 Be8 41. Re1 Rc7 42. Ne6 Rb7 43. Nf4 Bf7 44. Qc2 Qd7 45. Ng6+ Kg8 46. Ne5 Qh3 47. Nxf7 Kxf7 48. Kg1 Rb3 49. Rb1 Rxb1+ 50. Qxb1 Qe6 51. Kf2 Qd7 52. Qb8 Bd8 53. Qf4+ Kg8 54. Qb8 Kf7 55. Qf4+ Kg6 56. Qb8 Bg5 57. Qb1+ Kf7 58. f4 Bd8 59. Kg2 a6 60. h3 Qe6 61. Qc2 Bc7 62. Kh2 g6 63. Kg2 Ke7 64. Bb4+ Kf7 65. Bc3 h5 66. h4 Kf6 67. Kf2 Qc6 68. Qe2 Qb5 69. Qd2 Qb1 70. Qe1 Qc2+ 71. Kg1 Qd3 72. Kf2 Bd6 73. Qd2 Qe4 74. Qe3 Qxe3+ 75. Kxe3 Kf5 76. Kf3 Ba3 77. Ke3 Kg4 78. Kf2 Bc1 79. Kg2 Be3 80. Ba1 Bd2 81. Kf2 Bxa5 82. Bb2 Bb4 0-1

[Event "Wellington op"]
[Site "Wellington"]
[Date "2018.03.30"]
[Round "2"]
[White "Sole, Michael D"]
[Black "Timergazi, Layla"]
[Result "0-1"]
[WhiteElo "1686"]
[BlackElo "1958"]
[PlyCount "60"]
[EventDate "2018.03.30"]
[EventType "swiss"]
[EventRounds "6"]
[EventCountry "NZL"]
[SourceTitle "EXT 2019"]
[Source "ChessBase"]
[SourceDate "2018.10.10"]
[SourceVersion "1"]
[SourceVersionDate "2018.10.10"]
[SourceQuality "1"]

1. e4 c6 2. d4 d5 3. e5 c5 4. dxc5 Nc6 5. Nf3 Bg4 6. c3 e6 7. b4 Bxf3 8. Qxf3 Nxe5 9. Bb5+ Nc6 10. 0-0 Nge7 11. Re1 a6 12. Ba4 Rc8 13. Na3 Ng6 14. c4 Be7 15. cxd5 exd5 16. Rd1 Bf6 17. Rb1 0-0 18. Rxd5 Qe7 19. Be3 Nh4 20. Qd1 Qe4 21. Kf1 Qxg2+ 22. Ke1 Nf3+ 23. Ke2 Nfd4+ 24. Rxd4 Nxd4+ 25. Bxd4 Rcd8 26. Nc2 Bxd4 27. Nxd4 Qe4+ 28. Kf1 Rxd4 29. Qc2 Qh1+ 30. Ke2 Re4+ 0-1

[Event "NZL-ch op rapid"]
[Site "Palmerston North"]
[Date "2018.01.10"]
[Round "5"]
[White "Timergazi, Layla"]
[Black "Stewart, James"]
[Result "1-0"]
[WhiteElo "1939"]
[BlackElo "1663"]
[PlyCount "79"]
[EventDate "2018.01.10"]
[EventType "swiss (rapid)"]
[EventRounds "9"]
[EventCountry "NZL"]
[SourceTitle "EXT 2019"]
[Source "ChessBase"]
[SourceDate "2018.10.10"]
[SourceVersion "1"]
[SourceVersionDate "2018.10.10"]
[SourceQuality "1"]

1. d4 Nf6 2. c4 c5 3. d5 d6 4. Nc3 g6 5. e4 Bg7 6. Nf3 0-0 7. Be2 Na6 8. 0-0 Bd7 9. h3 Nc7 10. Qc2 Rb8 11. Bf4 a6 12. e5 dxe5 13. Nxe5 Bf5 14. Bd3 Bxd3 15. Nxd3 b6 16. Ne5 Rb7 17. Nc6 Qd7 18. Rfe1 e6 19. Rad1 exd5 20. Ne7+ Kh8 21. Ncxd5 Ncxd5 22. Nxd5 Nxd5 23. Rxd5 Qc6 24. Rd6 Qc7 25. Qe4 Rbb8 26. Rd5 Qb7 27. Bxb8 Qxb8 28. b3 Bd4 29. Qe7 Kg7 30. Rd6 b5 31. Rxa6 bxc4 32. bxc4 Qc8 33. Rd6 Qf5 34. Qe2 Ra8 35. Rd5 Qf4 36. Rd7 Rb8 37. Qf3 Qxf3 38. gxf3 Rb2 39. Ree7 Rxf2 40. Rxd4 1-0

[Event "Hamilton Waikato op"]
[Site "Hamilton"]
[Date "2017.08.11"]
[Round "1"]
[White "Timergazi, Layla"]
[Black "Punsalan, Vyanla M"]
[Result "1/2-1/2"]
[WhiteElo "2073"]
[BlackElo "1854"]
[PlyCount "99"]
[EventDate "2017.08.11"]
[EventType "swiss"]
[EventRounds "6"]
[EventCountry "NZL"]
[SourceTitle "CBM 180 Extra"]
[Source "ChessBase"]
[SourceDate "2017.10.06"]
[SourceVersion "1"]
[SourceVersionDate "2017.10.06"]
[SourceQuality "1"]

1. d4 f5 2. c4 g6 3. Nc3 Nf6 4. h4 h6 5. h5 g5 6. Nf3 d6 7. e3 Bg7 8. Bd3 0-0 9. Qc2 Ng4 10. e4 Nc6 11. exf5 Nb4 12. Qe2 Nxd3+ 13. Qxd3 Bxf5 14. Qe2 e5 15. dxe5 dxe5 16. Ne4 Qd7 17. 0-0 Rad8 18. Bd2 Qf7 19. Bb4 Rfe8 20. Rfd1 Rd4 21. Ng3 Rxc4 22. Bc3 Rc5 23. Rac1 c6 24. b4 Rd5 25. Rxd5 cxd5 26. Be1 Bc8 27. Qb5 e4 28. Rc7 Qxc7 29. Qxe8+ Bf8 30. Nd4 Qd7 31. Qxd7 Bxd7 32. Bc3 Kf7 33. Ndf5 Nf6 34. Nd4 a6 35. f3 g4 36. fxe4 Nxe4 37. Nxe4 dxe4 38. Kf2 Be6 39. Ke3 Bg7 40. Kxe4 Bxd4 41. Bxd4 Bxa2 42. Be3 Kf6 43. Bxh6 Bf7 44. g3 Bxh5 45. Kd5 Kf5 46. Bf4 Be8 47. Bc7 Bc6+ 48. Kd4 Ke6 49. Kc5 Kd7 50. Bf4 1/2-1/2

[Event "Oceania zt 3.6 (Women)"]
[Site "Auckland"]
[Date "2017.01.20"]
[Round "9"]
[White "Timergazi, Layla"]
[Black "Milligan, Helen"]
[Result "1/2-1/2"]
[WhiteElo "2069"]
[BlackElo "2062"]
[PlyCount "75"]
[EventDate "2017.01.14"]
[EventType "swiss"]
[EventRounds "9"]
[EventCountry "NZL"]
[SourceTitle "CBM 176 Extra"]
[Source "ChessBase"]
[SourceDate "2017.03.02"]
[SourceVersion "1"]
[SourceVersionDate "2017.03.02"]
[SourceQuality "1"]

1. d4 Nf6 2. c4 g6 3. Nc3 Bg7 4. e4 d6 5. h3 0-0 6. Bg5 Qe8 7. Bd3 e5 8. d5 Na6 9. Nge2 Nc5 10. Bc2 a5 11. g4 h6 12. Be3 Bd7 13. Ng3 Qc8 14. Qd2 Kh7 15. 0-0-0 Ne8 16. f3 a4 17. h4 c6 18. dxc6 Bxc6 19. h5 g5 20. Nf5 Ne6 21. Nd5 Ra6 22. Qb4 Kh8 23. Nb6 Qc7 24. Nxd6 Nxd6 25. Qxd6 Qxd6 26. Rxd6 Nd4 27. Bxd4 exd4 28. c5 Ra5 29. Kb1 Rxc5 30. Bxa4 Bxa4 31. Nxa4 Ra5 32. Nb6 Rb5 33. Nd5 Rc8 34. Ne7 Rc3 35. Rf1 d3 36. Rc1 Rc2 37. Rxc2 dxc2+ 38. Kxc2 1/2-1/2

[Event "Oceania zt 3.6 (Women)"]
[Site "Auckland"]
[Date "2017.01.17"]
[Round "6"]
[White "Qin, Joy Shu Yan"]
[Black "Timergazi, Layla"]
[Result "0-1"]
[WhiteElo "1708"]
[BlackElo "2069"]
[PlyCount "86"]
[EventDate "2017.01.14"]
[EventType "swiss"]
[EventRounds "9"]
[EventCountry "NZL"]
[SourceTitle "CBM 176 Extra"]
[Source "ChessBase"]
[SourceDate "2017.03.02"]
[SourceVersion "1"]
[SourceVersionDate "2017.03.02"]
[SourceQuality "1"]

1. e4 c6 2. d4 d5 3. exd5 cxd5 4. c4 Nf6 5. Nc3 e6 6. Nf3 Nc6 7. cxd5 Nxd5 8. Be2 Be7 9. 0-0 0-0 10. a3 Bf6 11. Be3 b6 12. Qd2 Bb7 13. Rfd1 Rc8 14. Ne4 Nxe3 15. Nxf6+ Qxf6 16. fxe3 Na5 17. Qd3 Bd5 18. Ne5 Qg5 19. e4 Bc4 20. Qf3 Bxe2 21. Qxe2 Nb3 22. Nf3 Qf4 23. Rab1 Rfd8 24. d5 exd5 25. exd5 Nc5 26. Rd4 Qf5 27. Rbd1 Re8 28. Qf1 Re7 29. b4 Na4 30. d6 Re3 31. d7 Rd8 32. Rc4 h6 33. Rc8 Rxc8 34. d8Q+ Rxd8 35. Rxd8+ Kh7 36. Ra8 Re7 37. Qf2 Nc3 38. h3 Ne2+ 39. Kh1 Qf4 40. Rc8 Ng3+ 41. Kg1 Re2 42. Qd4 Re1+ 43. Nxe1 Ne2+ 0-1

[Event "NZL-ch op 124th"]
[Site "Wellington"]
[Date "2017.01.08"]
[Round "8"]
[White "Forster, William"]
[Black "Timergazi, Layla"]
[Result "1-0"]
[WhiteElo "1963"]
[BlackElo "2069"]
[PlyCount "49"]
[EventDate "2017.01.01"]
[EventType "swiss"]
[EventRounds "9"]
[EventCountry "NZL"]
[SourceTitle "CBM 176 Extra"]
[Source "ChessBase"]
[SourceDate "2017.03.02"]
[SourceVersion "1"]
[SourceVersionDate "2017.03.02"]
[SourceQuality "1"]

1. d4 Nf6 2. c4 g6 3. Nc3 Bg7 4. e4 d6 5. h3 0-0 6. Bg5 Nc6 7. d5 Nb4 8. a3 Na6 9. b4 e6 10. Rc1 Re8 11. Bd3 h6 12. Be3 exd5 13. cxd5 Nxe4 14. Nxe4 f5 15. Ng3 f4 16. Bxg6 Re5 17. Nf3 fxe3 18. 0-0 Rg5 19. Nxg5 Qxg5 20. Bb1 e2 21. Qxe2 Bd7 22. Qd3 Re8 23. Rfe1 Be5 24. Qh7+ Kf8 25. Qxd7 1-0

[Event "NZL-ch op 124th"]
[Site "Wellington"]
[Date "2017.01.07"]
[Round "7"]
[White "Timergazi, Layla"]
[Black "Nicholls, Leighton"]
[Result "1-0"]
[WhiteElo "2069"]
[BlackElo "1929"]
[PlyCount "47"]
[EventDate "2017.01.01"]
[EventType "swiss"]
[EventRounds "9"]
[EventCountry "NZL"]
[SourceTitle "CBM 176 Extra"]
[Source "ChessBase"]
[SourceDate "2017.03.02"]
[SourceVersion "1"]
[SourceVersionDate "2017.03.02"]
[SourceQuality "1"]

1. d4 Nf6 2. c4 c5 3. d5 e5 4. Nc3 d6 5. e4 Be7 6. Bd3 Nbd7 7. Nge2 Nf8 8. 0-0 Ng6 9. Ng3 0-0 10. a3 h6 11. Nf5 Nh7 12. b4 b6 13. Ne2 Bg5 14. Bxg5 Nxg5 15. f4 exf4 16. Nxf4 Ne5 17. Nh5 Bxf5 18. exf5 Qd7 19. Nxg7 Nxd3 20. Nh5 Qe7 21. Qxd3 Rae8 22. h4 Ne4 23. Rf4 Qe5 24. Raf1 1-0

[Event "North Island-ch"]
[Site "Palmerston North"]
[Date "2016.10.03"]
[Round "1"]
[White "Timergazi, Layla"]
[Black "Calitz, Hananke"]
[Result "1/2-1/2"]
[WhiteElo "2003"]
[BlackElo "1592"]
[PlyCount "104"]
[EventDate "2016.10.03"]
[EventType "swiss"]
[EventRounds "9"]
[EventCountry "NZL"]
[SourceTitle "EXT 2018"]
[Source "ChessBase"]
[SourceDate "2017.10.13"]
[SourceVersion "1"]
[SourceVersionDate "2017.10.13"]
[SourceQuality "1"]

1. d4 d5 2. c4 c6 3. Nc3 Nf6 4. Bg5 Nbd7 5. e3 e6 6. Nf3 Be7 7. Bd3 0-0 8. 0-0 b6 9. h3 Bb7 10. Qc2 Rc8 11. Rac1 h6 12. Bf4 c5 13. cxd5 Nxd5 14. Nxd5 Bxd5 15. Ba6 g5 16. Bg3 Bxf3 17. gxf3 f5 18. Bxc8 Qxc8 19. Qc4 Qc6 20. Be5 Kh7 21. Qe2 Bd6 22. Bxd6 Qxd6 23. Rfd1 Qc6 24. b4 h5 25. dxc5 bxc5 26. Qd2 Ne5 27. Qd6 Nxf3+ 28. Kf1 Qxd6 29. Rxd6 cxb4 30. Rc7+ Kg6 31. Rxe6+ Rf6 32. Ree7 Rd6 33. Rxa7 g4 34. hxg4 fxg4 35. Rg7+ Kf6 36. Raf7+ Ke5 37. Re7+ Kf6 38. Rgf7+ Kg6 39. Rd7 Ra6 40. Ra7 Rd6 41. Rfd7 Rc6 42. Rdb7 Rc1+ 43. Ke2 Rc2+ 44. Kd3 Rxf2 45. Rxb4 g3 46. Rb6+ Kg5 47. e4 Ne5+ 48. Kd4 Ng4 49. Ra5+ Kh4 50. Rb1 g2 51. Rf5 Rxa2 52. e5 Rd2+ 1/2-1/2

[Event "NZL-ch U08/18 op"]
[Site "Palmerston North"]
[Date "2016.09.29"]
[Round "6"]
[White "Timergazi, Layla"]
[Black "Ang, Alphaeus Wei Ern"]
[Result "0-1"]
[WhiteElo "2003"]
[BlackElo "2191"]
[PlyCount "94"]
[EventDate "2016.09.27"]
[EventType "swiss"]
[EventRounds "7"]
[EventCountry "NZL"]
[SourceTitle "EXT 2018"]
[Source "ChessBase"]
[SourceDate "2017.10.13"]
[SourceVersion "1"]
[SourceVersionDate "2017.10.13"]
[SourceQuality "1"]

1. d4 Nf6 2. c4 g6 3. Nc3 Bg7 4. e4 d6 5. h3 0-0 6. Bg5 c5 7. d5 b5 8. cxb5 a6 9. a4 Qa5 10. Bd2 axb5 11. Bxb5 Ba6 12. Nf3 Qb4 13. 0-0 Nxe4 14. Qc2 Nxd2 15. Nxd2 Bxb5 16. Nxb5 Qxb2 17. Qxb2 Bxb2 18. Ra2 Bf6 19. Nc4 Nd7 20. Rb1 Rfb8 21. a5 Ne5 22. Nd2 Nd3 23. Nc7 Rxb1+ 24. Nxb1 Rc8 25. Nb5 Nb4 26. Ra3 Nxd5 27. Nd2 c4 28. a6 c3 29. Nb3 c2 30. a7 Nb6 31. Kf1 c1Q+ 32. Nxc1 Rxc1+ 33. Ke2 Ra1 34. Rxa1 Bxa1 35. Nc7 Kf8 36. Kd3 e6 37. a8Q+ Nxa8 38. Nxa8 d5 39. Nc7 Ke7 40. Ke3 Kd7 41. Na6 Be5 42. Nb4 Bd6 43. Nd3 e5 44. f3 f5 45. Ne1 Ke6 46. Kd3 Bc5 47. Nc2 e4+ 0-1